Vista normal
Vista MARC
Entrada Personal Name
Número de registros utilizados en: 1
001 - CONTROL NUMBER
- control field: 4209
003 - CONTROL NUMBER IDENTIFIER
- control field: DLC
005 - DATE AND TIME OF LATEST TRANSACTION
- control field: 20221207114159.0
008 - FIXED-LENGTH DATA ELEMENTS
- fixed length control field: 041208n| azannaabn |a aaa
010 ## - LIBRARY OF CONGRESS CONTROL NUMBER
- LC control number: n 2004145294
040 ## - CATALOGING SOURCE
- Original cataloging agency: DLC
- Language of cataloging: spa
- Description conventions: rda
- Transcribing agency: Mx-PuUPA
- Modifying agency: DLC
- Modifying agency: Mx-PuUPA
046 ## - SPECIAL CODED DATES
- Birth date: 19710529
100 1# - HEADING--PERSONAL NAME
- Personal name: Mattison, William C.,
- Titles and other words associated with a name: III,
- Dates associated with a name: 1971-
374 ## - OCCUPATION
- Occupation: Autor
375 ## - GENDER
- Gender: hombre
377 ## - ASSOCIATED LANGUAGE
- Language code: eng
400 1# - SEE FROM TRACING--PERSONAL NAME
- Control subfield: nnea
- Personal name: Mattison, William C.,
- Dates associated with a name: 1971-
670 ## - SOURCE DATA FOUND
- Source citation: New wine, new wineskins, 2005:
- Information found: ECIP t.p. (William C. Mattison III) data view (b. May 29, 1971)